Statistiques concernant Anagrammes - Prénoms masculins - Série 05

Cliquez ici pour prendre le quiz!

Statistiques générales

  • Ce quiz a été pris 98 fois
  • Le résultat moyen est 8 sur 10

Statistiques - réponses

AnagrammePrénom% Correct
LIMEEEmile
99%
HIPPIPELPhilippe
98%
PRIEREPierre
98%
FROLENTFlorent
93%
QUEJASCJacques
93%
CROVITVictor
90%
EXILASAlexis
84%
OURALRaoul
84%
BRONTERNorbert
48%
MURAISMarius
45%

Distribution des résultats

Percentile par nombre de réponses

% des personnes avec chaque résultat

Votre développement - résultats

Vous n’avez pas pris ce quiz